| Tag |
First Indicator |
Second Indicator |
Subfields |
| LEADER |
00000cam a22000001a 4500 |
| 001 |
in00004100461 |
| 005 |
20200117091356.0 |
| 006 |
m d f |
| 007 |
cr bn mmmapmmp |
| 008 |
100809s2010 dcua o f000 0 eng d |
| 035 |
|
|
|a chdc201000921
|
| 040 |
|
|
|a UMI
|c UMI
|d UtOrBLW
|
| 042 |
|
|
|a pcc
|
| 043 |
|
|
|a n-us---
|
| 074 |
|
|
|a 1000-B
|
| 086 |
0 |
|
|a Y 4.EC 7:S.HRG.111-383
|
| 110 |
1 |
|
|a United States.
|b Congress.
|b Joint Economic Committee.
|0 http://id.loc.gov/authorities/names/n79040066
|
| 245 |
1 |
4 |
|a The employment situation :
|b October 2009 : hearing before the Joint Economic Committee, Congress of the United States, One Hundred Eleventh Congress, first session, November 6, 2009.
|
| 264 |
|
1 |
|a Washington :
|b U.S. G.P.O.,
|c 2010.
|
| 264 |
|
2 |
|a Washington :
|b For sale by the Supt. of Docs., U.S. G.P.O.
|
| 300 |
|
|
|a iii, 60 pages :
|b illustrations, digital, PDF file.
|
| 336 |
|
|
|a text
|b txt
|2 rdacontent
|
| 337 |
|
|
|a computer
|b c
|2 rdamedia
|
| 338 |
|
|
|a online resource
|b cr
|2 rdacarrier
|
| 490 |
1 |
|
|a S. hrg. ;
|v 111-383
|
| 500 |
|
|
|a Shipping list number: 2010-0253-P.
|
| 500 |
|
|
|a Record is based on bibliographic data in ProQuest Congressional Hearings Digital Collection. Reuse except for individual research requires license from ProQuest, LLC.
|
| 500 |
|
|
|a Electronic resource.
|
| 533 |
|
|
|a Electronic reproduction.
|b [Bethesda, Md.] :
|c ProQuest,
|d 2010.
|e digital, PDF file.
|n ProQuest U.S. Congressional Hearings Digital Collection.
|n Mode of access: World Wide Web via ProQuest website.
|
| 538 |
|
|
|a System requirements: PDF reader software.
|
| 650 |
|
0 |
|a Unemployment
|z United States.
|0 http://id.loc.gov/authorities/subjects/sh2008113088
|
| 650 |
|
0 |
|a Labor market
|z United States.
|0 http://id.loc.gov/authorities/subjects/sh2008106397
|
| 650 |
|
0 |
|a Manpower policy
|z United States.
|0 http://id.loc.gov/authorities/subjects/sh85080627
|
| 776 |
0 |
8 |
|i Print version:
|a United States. Congress. Joint Economic Committee.
|t Employment situation
|w 9780160857669
|w 016085766X
|w (OCoLC)615625600
|z 2010443160
|
| 776 |
0 |
8 |
|i Microfiche version:
|a United States. Congress. Joint Economic Committee.
|t employment situation
|d [Bethesda, Md.] : ProQuest,[2010]
|o CIS 2010 J841-17
|w (ProQuest)cis01001698
|
| 810 |
1 |
|
|a United States.
|b Congress.
|b Senate.
|t S. hrg. ;
|v 111-383.
|0 http://id.loc.gov/authorities/names/n83707917
|
| 856 |
4 |
0 |
|u http://proxy.library.tamu.edu/login?url=http://search.proquest.com/congcomp/getdoc?HEARING-ID=HRG-2009-ECJ-0017
|y Electronic resource (PDF)
|t 0
|
| 998 |
|
|
|a cis01001698
|
| 999 |
f |
f |
|s 119b0ac2-08cd-3c88-b5c6-aeed4ce6b7a3
|i 97b5957f-c1c5-3208-a309-a0e4a28e147e
|t 0
|
| 952 |
f |
f |
|a Texas A&M University
|b College Station
|c Electronic Resources
|d Available Online
|t 0
|e Y 4.EC 7:S.HRG.111-383
|h Superintendent of Documents classification
|
| 998 |
f |
f |
|a Y 4.EC 7:S.HRG.111-383
|t 0
|l Available Online
|